000 00588nam a22002057a 4500
005 20251108173501.0
008 250721s2001 xx 000 0 ara d
082 1 4 _aط/218.2/علي
100 1 _aعلي، سهير أحمد
245 1 0 _aالعدل /
264 1 _aالقاهرة :
_bالفرسان 2000،
_c2001.
300 _a16ص
490 0 _aالأخلاق الإسلامية
_v3
650 1 7 _aالآداب الإسلامية
650 1 7 _aالفضائل
653 _aالعدل
653 _aناشئون صغار (10-14 سنة )
942 _2ddc
_cBK
999 _c104966
_d104966